Organometallic photochemistry /

Bibliographic Details
Main Author: Geoffroy, Gregory L.
Other Authors: Wrighton, Mark S., 1949-
Format: Book
Language:English
Published: New York : Academic Press, 1979.
Subjects:

MARC

Tag First Indicator Second Indicator Subfields
LEADER 00000pam a2200000Ei 4500
001 in00000039373
005 20151007081700.0
008 790613s1979 nyua b 00110 eng
010 |a  79006933  
020 |a 0122800508 
035 |a (OCoLC)05126306 
035 |9 AAF6762AM 
040 |a DLC  |c DLC  |d TXA  |d UtOrBLW 
049 |a TXAM  |c [1159647] 
050 0 0 |a QD411  |b .G46 
082 0 |a 547/.05 
100 1 |a Geoffroy, Gregory L. 
245 1 0 |a Organometallic photochemistry /  |c Gregory L. Geoffroy, Mark S. Wrighton. 
264 1 |a New York :  |b Academic Press,  |c 1979. 
300 |a ix, 335 pages :  |b illustrations ;  |c 24 cm. 
336 |a text  |b txt  |2 rdacontent 
337 |a unmediated  |b n  |2 rdamedia 
338 |a volume  |b nc  |2 rdacarrier 
504 |a Includes bibliographical references and index. 
650 0 |a Organometallic compounds. 
650 0 |a Photochemistry. 
650 0 |a Transition metal compounds. 
700 1 |a Wrighton, Mark S.,  |d 1949- 
999 |a MARS 
999 f f |s b51d617c-c58b-3c3b-a587-998287d7d935  |i 4b6a91b3-140f-331d-9a76-ecf4596f0a7a  |t 0 
952 f f |p normal  |a Texas A&M University  |b College Station  |c Sterling C. Evans Library  |d Evans: Library Stacks  |t 0  |e QD411 .G46  |h Library of Congress classification  |i unmediated -- volume  |m A14804703982 
998 f f |a QD411 .G46  |t 0  |l Evans: Library Stacks